| 000 | 00647nam a2200229 a 4500 | ||
|---|---|---|---|
| 001 | 67831 | ||
| 003 | BD-RjUL | ||
| 005 | 20211209081710.0 | ||
| 008 | 170329s2003 ii ||||| |||| 001 0 eng d | ||
| 020 | _a8173916063 | ||
| 035 | _a(BD-RjUL)68040 | ||
| 040 |
_aBD-RjUL _beng _cBD-RjUL |
||
| 041 | _aeng | ||
| 082 |
_223 _a500.2 _bSHT 2003 |
||
| 100 |
_aSharma, Yogendra K. _9201092 |
||
| 245 |
_aTeaching of physical science : _b methods and techniques / _cYogendra K.Sharma |
||
| 260 |
_aNew Delhi : _bKanishka Publishers, _c2003 |
||
| 300 |
_axviii,366 p. ; _c19 cm. |
||
| 500 | _aIncludes index | ||
| 650 |
_aScience _9201093 |
||
| 942 |
_2ddc _cBK |
||
| 999 |
_c67831 _d67831 |
||